LEADER 00790cam0 22002411 450 001 SOBE00051556 005 20160314122217.0 100 $a20160310d1897 |||||ita|0103 ba 101 $aita 102 $aIT 200 1 $a<>teorie storiche del prof. Loria$fBenedetto Croce 210 $aNapoli$cGiannini$d1897 215 $a37 p.$d25 cm 700 1$aCroce$b, Benedetto <1866-1952>$3AF00003357$4070$09641 801 0$aIT$bUNISOB$c20160314$gRICA 850 $aUNISOB 852 $aUNISOB$j100|Opusc$m166836 912 $aSOBE00051556 940 $aM 102 Monografia moderna SBN 941 $aM 957 $a100|Opusc$b000364$gSI$d166836$rDono$tN$1petrellap$2UNISOB$3UNISOB$420160314083151.0$520160314083248.0$6petrellap 996 $aTeorie storiche del Prof. Loria$9489057 997 $aUNISOB